000 01251cam a2200277 a 4500
001 13580076
005 20201128020936.0
008 040503s2004 enkab b 001 0 eng
020 _a0199261784
020 _a9780199261789
082 0 4 _a333.79
_222
_bREN
245 0 0 _aRenewable Energy :
_bPower for a Sustainable Future/
_cedited by Godfrey Boyle.
250 _a2nd ed.
260 _aOxford ;
_aNew York :
_bOxford University Press in association with the Open University,
_cc2004.
300 _axi, 452 p. :
_bill. (some col.), maps (some col.) ;
_c27 cm.
504 _aIncludes bibliographical references and index.
650 0 _aRenewable energy sources.
_931059
653 _bMec
_cOctober2012
700 1 _aBoyle, Godfrey.
_931060
710 2 _aOpen University.
_92678
856 4 2 _3Publisher description
_uhttp://www.loc.gov/catdir/enhancements/fy0620/2004271593-d.html
856 4 1 _3Table of contents only
_uhttp://www.loc.gov/catdir/enhancements/fy0620/2004271593-t.html
856 4 2 _3Contributor biographical information
_uhttp://www.loc.gov/catdir/enhancements/fy0725/2004271593-b.html
942 _2ddc
_cBB
999 _c17056
_d17028